Science Quiz

Random Science or Chemistry Quiz

Chemical Nomenclature - Ionic Compounds Quiz Stats

 Plays Quiz Updated May 30, 2019

Score 0/24 Timer 10:00
8 Plays Today
Chemical Formula Chemical Name % Correct
CaBr2calcium bromide
74.8%
MgBr2magnesium bromide
74.6%
K2Spotassium sulfide
73.9%
Ca(OH)2calcium hydroxide
72.9%
Al(OH)3aluminum hydroxide
72.5%
Mg(OH)2magnesium hydroxide
72%
Al2S3aluminum sulfide
71.4%
Al(NO3)3aluminum nitrate
71.2%
Li2CO3lithium carbonate
70.7%
NH4NO3ammonium nitrate
68.8%
(NH4)3PO4ammonium phosphate
67%
(NH4)2Sammonium sulfide
66.8%
Chemical Formula Chemical Name % Correct
(NH4)2CO3ammonium carbonate
66.5%
CuCl2copper(II) chloride
60.4%
Mg(C2H3O2)2magnesium acetate
60.2%
Ba(C2H3O2)2barium acetate
60.1%
NaHCO3sodium hydrogen carbonate
59.8%
FeSiron(II) sulfide
58.5%
CuClcopper(I) chloride
57.8%
KMnO4potassium permanganate
55.9%
TiCl2titanium(II) chloride
53.1%
Co2O3cobalt(III) oxide
51.4%
Ni2(SO3)3nickel(III) sulfite
45.5%
Ti(SO4)2titanium(IV) sulfate
43.4%

You're not logged in!

Compare scores with friends on all Sporcle quizzes.
OR
Log In

Sporcle TV

Today on Sporcle TV


Watch our educational content, quiz creation guides, and fun videos on Sporcle TV.

Show Comments

Extras

Top Quizzes Today


Score Distribution

Your Account Isn't Verified!

In order to create a playlist on Sporcle, you need to verify the email address you used during registration. Go to your Sporcle Settings to finish the process.

Report this User

Report this user for behavior that violates our Community Guidelines.

Details: